[Event "Campeonato de España Universitario 2008"]
[Site "Madrid ESP"]
[Date "2008.05.08"]
[Round "1.59"]
[White "Garcia Gil, Jesus"]
[Black "Krug Cortegoso, Rodolfo Martin"]
[Result "0-1"]
[WhiteElo "1795"]
[BlackElo "2154"]
[PlyCount "50"]
[EventDate "2008.05.08"]
[EventType "swiss"]
[EventRounds "9"]
[EventCountry "ESP"]
[Source "lmi"]
[SourceDate "2008.05.08"]

1. e4 g6 2. Nf3 Bg7 3. d4 d6 4. Be3 a6 5. c4 c5 6. Nc3 cxd4 7. Bxd4 Nf6 8. Qb3
O-O 9. Bb6 Qe8 10. O-O-O Nbd7 11. h3 Nxb6 12. Qxb6 Nd7 13. Qb4 Nc5 14. Nd5 Rb8
15. g4 Be6 16. e5 b5 17. cxb5 Bxd5 18. Rxd5 Qc8 19. Kb1 Qb7 20. Qd2 e6 21. bxa6
Qxd5 22. Qxd5 exd5 23. a3 dxe5 24. b4 Rb6 25. Ka2 Nxa6 0-1

[Event "Campeonato de España Universitario 2008"]
[Site "Madrid ESP"]
[Date "2008.05.08"]
[Round "2.1"]
[White "Perez Candelario, Manuel"]
[Black "Pazos Porta, Antonio"]
[Result "1-0"]
[WhiteElo "2537"]
[BlackElo "2176"]
[PlyCount "45"]
[EventDate "2008.05.08"]
[EventType "swiss"]
[EventRounds "9"]
[EventCountry "ESP"]
[Source "lmi"]
[SourceDate "2008.05.08"]

1. e4 e6 2. d4 d5 3. Nc3 Nf6 4. Bg5 Bb4 5. e5 h6 6. Be3 Ne4 7. Qg4 g5 8. h4 h5
9. hxg5 hxg4 10. Rxh8+ Bf8 11. Nxe4 dxe4 12. Ne2 Qe7 13. O-O-O b6 14. Nf4 Nd7
15. g6 fxg6 16. Bc4 g5 17. Nxe6 Nxe5 18. Nxf8 Qf6 19. Ng6+ Qxh8 20. Bb5+ c6 21.
Nxh8 cxb5 22. dxe5 Bf5 23. Bxg5 1-0

[Event "Campeonato de España Universitario 2008"]
[Site "Madrid ESP"]
[Date "2008.05.08"]
[Round "2.2"]
[White "Ibarra Jerez, Juan Miguel"]
[Black "Ibarra Jerez, Jose Carlos"]
[Result "0-1"]
[WhiteElo "2176"]
[BlackElo "2496"]
[PlyCount "86"]
[EventDate "2008.05.08"]
[EventType "swiss"]
[EventRounds "9"]
[EventCountry "ESP"]
[Source "lmi"]
[SourceDate "2008.05.08"]

1. e4 c5 2. Nf3 e6 3. c4 Nc6 4. Nc3 Nf6 5. Be2 d5 6. exd5 exd5 7. cxd5 Nxd5 8.
O-O Nc7 9. Re1 Be7 10. d3 O-O 11. Be3 Ne6 12. Rc1 b6 13. Qb3 Bb7 14. Nd5 Bd6
15. Qa4 Ncd4 16. Bxd4 Bxd5 17. Be3 Qf6 18. d4 cxd4 19. Bxd4 Qf4 20. g3 Qg4 21.
Qd1 Nf4 22. Ne5 Nxe2+ 23. Rxe2 Bxe5 24. Rxe5 Bf3 25. Qd3 Rad8 26. Rc4 b5 27.
Rb4 a5 28. Rb3 Ba8 29. f4 Qd7 30. Bc5 Qxd3 31. Rxd3 Rxd3 32. Bxf8 Kxf8 33. Rxb5
Bc6 34. Rxa5 Rd1+ 35. Kf2 Rd2+ 36. Ke3 Rxb2 37. Ra7 Rxh2 38. a4 Rg2 39. Kd4
Rxg3 40. a5 g6 41. Ke5 Re3+ 42. Kf6 Re6+ 43. Kg5 Kg7 0-1

[Event "Campeonato de España Universitario 2008"]
[Site "Madrid ESP"]
[Date "2008.05.08"]
[Round "2.3"]
[White "Almagro Llamas, Pablo"]
[Black "Gonzalez Merino, Alberto"]
[Result "1-0"]
[WhiteElo "2472"]
[BlackElo "2174"]
[PlyCount "89"]
[EventDate "2008.05.08"]
[EventType "swiss"]
[EventRounds "9"]
[EventCountry "ESP"]
[Source "lmi"]
[SourceDate "2008.05.08"]

1. e4 e6 2. d4 d5 3. Nc3 Bb4 4. e5 c5 5. a3 Bxc3+ 6. bxc3 Qc7 7. Nf3 Ne7 8. h4
Bd7 9. h5 h6 10. Rh4 cxd4 11. cxd4 Ba4 12. Bd3 Qc3+ 13. Bd2 Qxd3 14. cxd3 Bxd1
15. Kxd1 Nbc6 16. Rf4 Rf8 17. Ne1 Ng8 18. Rg4 Nge7 19. Rb1 Rb8 20. Rxg7 Nf5 21.
Rh7 Nfxd4 22. Bxh6 Rg8 23. Bg7 b5 24. Rc1 Kd7 25. Bf6 Rbf8 26. Rg7 Nf5 27. Rxg8
Rxg8 28. f3 Rg3 29. Ke2 Nce7 30. Kf2 Ng8 31. Bh8 Ngh6 32. Bf6 Ng8 33. Nc2 Ngh6
34. Ne3 Rg8 35. g4 Ng7 36. g5 d4 37. Ng4 Nxg4+ 38. fxg4 Ne8 39. Kf3 Nxf6 40.
gxf6 a5 41. h6 Rg6 42. Rh1 Rg8 43. h7 Rh8 44. Ke4 Kc6 45. g5 1-0

[Event "Campeonato de España Universitario 2008"]
[Site "Madrid ESP"]
[Date "2008.05.08"]
[Round "2.4"]
[White "Fernandez Losada, Daniel"]
[Black "Rodriguez Guerrero, Enrique"]
[Result "0-1"]
[WhiteElo "2173"]
[BlackElo "2457"]
[PlyCount "54"]
[EventDate "2008.05.08"]
[EventType "swiss"]
[EventRounds "9"]
[EventCountry "ESP"]
[Source "lmi"]
[SourceDate "2008.05.08"]

1. e4 c5 2. Nf3 e6 3. d4 cxd4 4. Nxd4 Nc6 5. Nc3 Qc7 6. Be3 a6 7. Bd3 Nf6 8.
O-O Nxd4 9. Bxd4 Bc5 10. Bxf6 gxf6 11. Qg4 Kf8 12. Kh1 h5 13. Qh4 Be7 14. f4 b5
15. Rae1 Bb7 16. f5 Qe5 17. Qh3 Kg7 18. Re3 Rag8 19. fxe6 dxe6 20. Nd5 exd5 21.
Rf5 Qc7 22. e5 Bc8 23. Rg3+ Kf8 24. Rxg8+ Rxg8 25. Qxh5 Bxf5 26. Qh6+ Ke8 27.
exf6 Bxd3 0-1

[Event "Campeonato de España Universitario 2008"]
[Site "Madrid ESP"]
[Date "2008.05.08"]
[Round "2.6"]
[White "Rios Del Moral, Neftali"]
[Black "Llaneza Vega, Marcos"]
[Result "0-1"]
[WhiteElo "2170"]
[BlackElo "2425"]
[PlyCount "62"]
[EventDate "2008.05.08"]
[EventType "swiss"]
[EventRounds "9"]
[EventCountry "ESP"]
[Source "lmi"]
[SourceDate "2008.05.08"]

1. d4 Nf6 2. Nf3 g6 3. g3 Bg7 4. Bg2 O-O 5. O-O d6 6. b3 a5 7. Bb2 c6 8. c4 Bf5
9. Nc3 Na6 10. a3 Qd7 11. Re1 Bh3 12. e4 Bxg2 13. Kxg2 b5 14. cxb5 cxb5 15. e5
Nh5 16. Qe2 b4 17. Nd5 Nc7 18. Nxc7 Qxc7 19. Rac1 Qd7 20. a4 Bh6 21. d5 dxe5
22. Qxe5 Bg7 23. Qe2 Bxb2 24. Qxb2 Nf4+ 25. gxf4 Qg4+ 26. Kf1 Qxf3 27. Rxe7
Qh1+ 28. Ke2 Qxd5 29. f3 Qh5 30. Ke3 Rae8 31. Re5 f6 0-1

[Event "Campeonato de España Universitario 2008"]
[Site "Madrid ESP"]
[Date "2008.05.08"]
[Round "2.7"]
[White "Martinez Martin, David"]
[Black "Perez Mauricio, Xoel"]
[Result "1-0"]
[WhiteElo "2424"]
[BlackElo "2168"]
[PlyCount "89"]
[EventDate "2008.05.08"]
[EventType "swiss"]
[EventRounds "9"]
[EventCountry "ESP"]
[Source "lmi"]
[SourceDate "2008.05.08"]

1. d4 d6 2. Bg5 Nd7 3. Nc3 Ngf6 4. Qd2 e5 5. O-O-O Be7 6. e4 c6 7. f4 h6 8. Bh4
exf4 9. Nf3 g5 10. Bf2 Nb6 11. d5 Bg4 12. h4 Rg8 13. hxg5 hxg5 14. dxc6 bxc6
15. Ba6 Qc7 16. Qd4 c5 17. Nb5 Qc6 18. Nxd6+ Qxd6 19. Qxd6 Bxd6 20. Rxd6 Be6
21. Re1 Nfd7 22. Bb5 Ke7 23. e5 Rac8 24. Red1 Rc7 25. Nxg5 Rh8 26. Nf3 Rh5 27.
Bh4+ Kf8 28. Bg5 Nxe5 29. Bxf4 Nxf3 30. Rd8+ Kg7 31. Bxc7 Nd4 32. Ba6 Nd5 33.
Ba5 Ne3 34. Rg1 Nexc2 35. Bc3 Bxa2 36. Bd3 f6 37. Rd7+ Kg8 38. Rxa7 Bd5 39. Rd1
Ne3 40. Re1 Re5 41. Rh1 Bxg2 42. Rhh7 f5 43. Rag7+ Kf8 44. Rf7+ Ke8 45. Bb5+
1-0

[Event "Campeonato de España Universitario 2008"]
[Site "Madrid ESP"]
[Date "2008.05.08"]
[Round "2.8"]
[White "Lopez Rodriguez, Walter"]
[Black "Gonzalez Somoza, Oliver"]
[Result "0-1"]
[WhiteElo "2167"]
[BlackElo "2333"]
[PlyCount "104"]
[EventDate "2008.05.08"]
[EventType "swiss"]
[EventRounds "9"]
[EventCountry "ESP"]
[Source "lmi"]
[SourceDate "2008.05.08"]

1. c4 Nf6 2. Nc3 e6 3. e4 d5 4. e5 Nfd7 5. cxd5 Nxe5 6. d4 Ng6 7. Bb5+ c6 8.
dxc6 bxc6 9. Ba4 Be7 10. Nf3 Ba6 11. d5 exd5 12. Qxd5 Qc7 13. Nd4 O-O 14. Qf3
Ne5 15. Qf5 Nd3+ 16. Kd1 Rd8 17. Be3 Nxb2+ 18. Kc1 Nxa4 19. Nxa4 Bf6 20. Rd1 c5
21. Qxc5 Qxc5+ 22. Nxc5 Rc8 23. Ndb3 Bxa1 24. Nxa1 Bc4 25. Kb2 Nc6 26. Nc2 a5
27. Na3 Rab8+ 28. Ka1 Nb4 29. Nd7 Rd8 30. Ba7 Be2 31. Rd2 Rbc8 32. Bb6 Re8 33.
Bxa5 Nd3 34. Bb6 Re7 35. Nc5 Nxf2 36. Nc2 Ng4 37. Nd4 Bf1 38. a4 Ne3 39. a5 Nc4
40. Rc2 Ra8 41. Rxc4 Bxc4 42. Kb2 Re1 43. Kc3 Rc1+ 44. Kb4 Bf1 45. Nf5 Rb1+ 46.
Kc3 Bxg2 47. Nb3 g6 48. Nfd4 Rc8+ 49. Kb4 Bd5 50. a6 Bxb3 51. Nxb3 Rb8 52. a7
Rxb3+ 0-1

[Event "Campeonato de España Universitario 2008"]
[Site "Madrid ESP"]
[Date "2008.05.08"]
[Round "2.9"]
[White "Andres Gonzalez, Ivan"]
[Black "Garcia Brion, Eduardo"]
[Result "1/2-1/2"]
[WhiteElo "2324"]
[BlackElo "2158"]
[PlyCount "53"]
[EventDate "2008.05.08"]
[EventType "swiss"]
[EventRounds "9"]
[EventCountry "ESP"]
[Source "lmi"]
[SourceDate "2008.05.08"]

1. e4 e5 2. Bc4 Nf6 3. d3 Bc5 4. Nf3 d6 5. c3 Bb6 6. Nbd2 Nc6 7. O-O O-O 8. Bb3
Ne7 9. Nc4 Ng6 10. a4 c6 11. Nxb6 Qxb6 12. a5 Qc7 13. Re1 Nh5 14. Nxe5 Nxe5 15.
Qxh5 Nxd3 16. Re3 Nxc1 17. Rxc1 Be6 18. Bc2 g6 19. Qg5 d5 20. exd5 Qxa5 21. Rd1
Rad8 22. Bxg6 hxg6 23. Rxe6 Rxd5 24. Rxg6+ fxg6 25. Qxg6+ Kh8 26. Qh6+ Kg8 27.
Qg6+ 1/2-1/2

[Event "Campeonato de España Universitario 2008"]
[Site "Madrid ESP"]
[Date "2008.05.08"]
[Round "2.10"]
[White "Krug Cortegoso, Rodolfo Martin"]
[Black "Garrido Dominguez, Jesus"]
[Result "0-1"]
[WhiteElo "2154"]
[BlackElo "2324"]
[PlyCount "126"]
[EventDate "2008.05.08"]
[EventType "swiss"]
[EventRounds "9"]
[EventCountry "ESP"]
[Source "lmi"]
[SourceDate "2008.05.08"]

1. c4 Nf6 2. Nc3 g6 3. Nf3 Bg7 4. g3 d6 5. Bg2 O-O 6. O-O c6 7. d3 e5 8. Rb1
Re8 9. Bg5 h6 10. Bxf6 Bxf6 11. Nd2 Na6 12. b4 Nc7 13. Qa4 a6 14. Rfc1 Bg5 15.
e3 Bf5 16. Nde4 Be7 17. Qb3 Rb8 18. Rb2 Be6 19. Ne2 d5 20. Nd2 Bf6 21. e4 dxe4
22. dxe4 Qe7 23. Qc2 Red8 24. a4 Bg4 25. Nf1 Bg5 26. Rd1 Rxd1 27. Qxd1 Rd8 28.
Qb1 Qd7 29. h4 Be7 30. Rd2 Qe8 31. f3 Be6 32. c5 a5 33. Rxd8 Qxd8 34. Kh2 axb4
35. Qxb4 Qb8 36. Qd2 Kg7 37. Bh3 Bxh3 38. Kxh3 Bxc5 39. Qd7 Ne6 40. g4 Qc7 41.
Qd2 b5 42. axb5 cxb5 43. Nfg3 Qd6 44. Qb2 b4 45. h5 Bd4 46. Qb3 Nf4+ 47. Nxf4
exf4 48. Ne2 gxh5 49. gxh5 Be5 50. Qc4 Qe6+ 51. Qxe6 fxe6 52. Nc1 Kf6 53. Kg2
Bd4 54. Kf1 Be3 55. Nb3 Kg5 56. Kg2 Kxh5 57. Kh3 Kg5 58. Na5 h5 59. Nb3 h4 60.
Na5 Bf2 61. Nb3 e5 62. Nc1 Be1 63. Nb3 Kf6 0-1

[Event "Campeonato de España Universitario 2008"]
[Site "Madrid ESP"]
[Date "2008.05.08"]
[Round "2.11"]
[White "Pena Gomez, Manuel"]
[Black "Jimenez Lopez, Antonio"]
[Result "1-0"]
[WhiteElo "2312"]
[BlackElo "2146"]
[PlyCount "75"]
[EventDate "2008.05.08"]
[EventType "swiss"]
[EventRounds "9"]
[EventCountry "ESP"]
[Source "lmi"]
[SourceDate "2008.05.08"]

1. c4 g6 2. Nc3 Bg7 3. g3 d6 4. Bg2 c6 5. e3 Nf6 6. Nge2 Nbd7 7. O-O O-O 8. Rb1
e5 9. b4 a6 10. a4 Re8 11. d3 Nf8 12. d4 e4 13. d5 cxd5 14. cxd5 Re5 15. Bb2
Qe7 16. Qc2 Bg4 17. Nd4 Rc8 18. h3 Bd7 19. Rfc1 Rh5 20. h4 g5 21. hxg5 Rxg5 22.
Qb3 Bh6 23. Nde2 Ng6 24. Re1 Ng4 25. Nxe4 Rh5 26. Nf4 Bxf4 27. exf4 Qd8 28. Bf3
Rh6 29. Bxg4 Nxf4 30. Bxd7 Qxd7 31. gxf4 Rg6+ 32. Ng3 h5 33. Qd1 Qh3 34. Re3
Kh7 35. Qf3 Rc2 36. f5 Rg8 37. Re7 h4 38. Qh5# 1-0

[Event "Campeonato de España Universitario 2008"]
[Site "Madrid ESP"]
[Date "2008.05.08"]
[Round "2.12"]
[White "Ivanovitch Balsinde, Nicolas M"]
[Black "Rabadan Velasco, Raul"]
[Result "0-1"]
[WhiteElo "2141"]
[BlackElo "2309"]
[PlyCount "46"]
[EventDate "2008.05.08"]
[EventType "swiss"]
[EventRounds "9"]
[EventCountry "ESP"]
[Source "lmi"]
[SourceDate "2008.05.08"]

1. e4 e6 2. d4 d5 3. exd5 exd5 4. Nf3 Bd6 5. c4 dxc4 6. Bxc4 Nf6 7. O-O O-O 8.
Nc3 h6 9. Re1 Nc6 10. h3 Bf5 11. a3 a6 12. b4 Re8 13. Be3 Qd7 14. Qb3 Re7 15.
Nd5 Nxd5 16. Bxd5 Rae8 17. Rad1 Nd8 18. Ne5 Qc8 19. Bf4 c6 20. Bc4 b5 21. Bf1
Kh8 22. Rc1 f6 23. Nxc6 Rxe1 0-1

[Event "Campeonato de España Universitario 2008"]
[Site "Madrid ESP"]
[Date "2008.05.08"]
[Round "2.13"]
[White "Sierra Canosa, Francisco"]
[Black "Gavilan Diaz, Mario"]
[Result "1/2-1/2"]
[WhiteElo "2141"]
[BlackElo "2300"]
[PlyCount "67"]
[EventDate "2008.05.08"]
[EventType "swiss"]
[EventRounds "9"]
[EventCountry "ESP"]
[Source "lmi"]
[SourceDate "2008.05.08"]

1. e4 c5 2. Nf3 d6 3. d4 cxd4 4. Nxd4 Nf6 5. Nc3 a6 6. f3 e5 7. Nb3 Be6 8. Be3
Be7 9. Qd2 Nbd7 10. g4 b5 11. g5 b4 12. Ne2 Nh5 13. Ng3 Nf4 14. h4 a5 15. Nf5
Bxf5 16. exf5 h6 17. f6 gxf6 18. Bxf4 exf4 19. gxh6 Ne5 20. O-O-O a4 21. Nd4 b3
22. cxb3 axb3 23. a4 Kf8 24. Bb5 Qc8+ 25. Kb1 Nc4 26. Qxf4 d5 27. Rhg1 Bd6 28.
Qxf6 Be5 29. Qg5 Bxd4 30. Rxd4 Na3+ 31. Ka1 Nc2+ 32. Kb1 Na3+ 33. Ka1 Nc2+ 34.
Kb1 1/2-1/2

[Event "Campeonato de España Universitario 2008"]
[Site "Madrid ESP"]
[Date "2008.05.08"]
[Round "2.14"]
[White "Lorente Peñalba, Diego"]
[Black "Lopez Del Alamo, Antonio"]
[Result "0-1"]
[WhiteElo "2134"]
[BlackElo "2299"]
[PlyCount "90"]
[EventDate "2008.05.08"]
[EventType "swiss"]
[EventRounds "9"]
[EventCountry "ESP"]
[Source "lmi"]
[SourceDate "2008.05.08"]

1. e4 c5 2. Nf3 e6 3. d4 cxd4 4. Nxd4 Nf6 5. Bd3 Nc6 6. Nxc6 dxc6 7. O-O e5 8.
Nd2 Bc5 9. h3 Qe7 10. Qf3 Be6 11. Nc4 Nd7 12. Be3 O-O 13. Rad1 Bxe3 14. Nxe3
Nc5 15. Ng4 Bxg4 16. Qxg4 Rad8 17. Bc4 b5 18. Be2 g6 19. Qf3 Ne6 20. c3 Rxd1
21. Rxd1 Rd8 22. Qe3 Rxd1+ 23. Bxd1 Kg7 24. Bg4 Nc5 25. Bd1 a5 26. Bc2 Qd6 27.
Qe2 a4 28. b3 axb3 29. axb3 b4 30. cxb4 Ne6 31. Qc4 Qd2 32. Bd3 Nd4 33. Bf1 Qe1
34. f3 Qe3+ 35. Kh1 Qf2 36. Qd3 Kf6 37. Qd1 Kg7 38. Qd3 f6 39. Qd1 Kh6 40. Bc4
g5 41. Qg1 Qd2 42. Qa1 Kh5 43. Bf7+ Kh4 44. Qg1 Ne2 45. Qf2+ Ng3+ 0-1

[Event "Campeonato de España Universitario 2008"]
[Site "Madrid ESP"]
[Date "2008.05.08"]
[Round "2.15"]
[White "Montero Melendez, Rafael"]
[Black "Cuenca Jimenez, Francisco Javier"]
[Result "1-0"]
[WhiteElo "2295"]
[BlackElo "2130"]
[PlyCount "81"]
[EventDate "2008.05.08"]
[EventType "swiss"]
[EventRounds "9"]
[EventCountry "ESP"]
[Source "lmi"]
[SourceDate "2008.05.08"]

1. d4 d5 2. c4 e6 3. Nc3 Nf6 4. cxd5 exd5 5. Bg5 Be7 6. Qc2 O-O 7. e3 Nbd7 8.
Bd3 c6 9. Nge2 Re8 10. O-O Nf8 11. f3 g6 12. Rad1 Ne6 13. Bh4 Ng7 14. Bf2 Bf5
15. e4 Be6 16. Kh1 Rc8 17. Ng3 Ngh5 18. Nce2 dxe4 19. fxe4 Nxg3+ 20. Nxg3 Ng4
21. Bg1 Bh4 22. Rf3 Qg5 23. h3 Qh6 24. Nf1 Bg5 25. Bc4 Rcd8 26. Bxe6 Rxe6 27.
Qb3 Re7 28. Nh2 Nf6 29. e5 Nd5 30. Ng4 Qg7 31. Rdf1 Red7 32. Nf2 f6 33. Ne4 Kh8
34. Nxg5 fxg5 35. Qa3 Qe7 36. Qb3 Nf4 37. Be3 Qe6 38. Qa3 Kg7 39. Bxf4 gxf4 40.
Rxf4 Rxd4 41. Rxd4 1-0

[Event "Campeonato de España Universitario 2008"]
[Site "Madrid ESP"]
[Date "2008.05.08"]
[Round "2.16"]
[White "Hidalgo Duque, Carlos"]
[Black "Piay Augusto, Diego"]
[Result "1-0"]
[WhiteElo "2134"]
[BlackElo "2281"]
[PlyCount "77"]
[EventDate "2008.05.08"]
[EventType "swiss"]
[EventRounds "9"]
[EventCountry "ESP"]
[Source "lmi"]
[SourceDate "2008.05.08"]

1. Nf3 Nf6 2. c4 e6 3. g3 b6 4. Bg2 Bb7 5. O-O Be7 6. d4 O-O 7. Nc3 d5 8. cxd5
exd5 9. Re1 Ne4 10. Nd2 f5 11. Ndxe4 fxe4 12. f3 Bb4 13. f4 Kh8 14. Be3 c6 15.
a3 Be7 16. Qd2 Nd7 17. Rf1 Nf6 18. h3 Ne8 19. Bf2 Nd6 20. b3 Bf6 21. g4 g6 22.
Rac1 a5 23. Rfd1 Rc8 24. Na4 Nb5 25. Ra1 Qe7 26. b4 axb4 27. axb4 Ra8 28. e3
Nd6 29. Qc3 Ra7 30. Nb2 Nb5 31. Qb3 Ba8 32. Na4 Qd8 33. Nc3 Rxa1 34. Rxa1 Nd6
35. b5 Nc4 36. Ra2 Na5 37. Qb4 c5 38. dxc5 bxc5 39. Qxc5 1-0

[Event "Campeonato de España Universitario 2008"]
[Site "Madrid ESP"]
[Date "2008.05.08"]
[Round "2.17"]
[White "Fidalgo Fernandez, Javier"]
[Black "Amate Tortosa, Bernardo"]
[Result "1-0"]
[WhiteElo "2280"]
[BlackElo "2116"]
[PlyCount "69"]
[EventDate "2008.05.08"]
[EventType "swiss"]
[EventRounds "9"]
[EventCountry "ESP"]
[Source "lmi"]
[SourceDate "2008.05.08"]

1. d4 d5 2. c4 e6 3. Nc3 Nf6 4. Nf3 Nbd7 5. Bg5 Be7 6. e3 Ne4 7. Bxe7 Qxe7 8.
Qc2 c6 9. a3 f5 10. Bd3 O-O 11. b4 a6 12. O-O Kh8 13. Ne5 Nxe5 14. dxe5 Nxc3
15. Qxc3 f4 16. exf4 Rxf4 17. g3 Rf7 18. f4 Bd7 19. cxd5 cxd5 20. Rac1 Rc8 21.
Qd4 Rxc1 22. Rxc1 Qd8 23. Qa7 Be8 24. Qc5 Bc6 25. Bxa6 Qa8 26. Bf1 Qxa3 27. b5
Qxc5+ 28. Rxc5 Be8 29. Rc8 Re7 30. b6 Kg8 31. Bd3 g6 32. Rc7 Kf7 33. Ba6 Bc6
34. Rxc6 bxa6 35. Rc7 1-0

[Event "Campeonato de España Universitario 2008"]
[Site "Madrid ESP"]
[Date "2008.05.08"]
[Round "2.18"]
[White "Acuña Celada, Ivan"]
[Black "Massanet Massanet, Sebastian"]
[Result "0-1"]
[WhiteElo "2114"]
[BlackElo "2278"]
[PlyCount "110"]
[EventDate "2008.05.08"]
[EventType "swiss"]
[EventRounds "9"]
[EventCountry "ESP"]
[Source "lmi"]
[SourceDate "2008.05.08"]

1. e4 e6 2. d4 d5 3. Nc3 Nf6 4. Bg5 Be7 5. e5 Ne4 6. Nxe4 Bxg5 7. Nxg5 Qxg5 8.
Nf3 Qe7 9. Qd2 c5 10. c3 Nc6 11. Bd3 cxd4 12. cxd4 Qb4 13. Qxb4 Nxb4 14. Bb1
Bd7 15. a3 Nc6 16. Bd3 Rc8 17. O-O f6 18. b4 O-O 19. Rfe1 fxe5 20. dxe5 Rf4 21.
Rac1 a6 22. b5 axb5 23. Bxb5 Ra8 24. a4 h6 25. Rcd1 Kf7 26. Re3 Ke7 27. g3 Rb4
28. Ne1 Nb8 29. Nc2 Rb2 30. Nd4 Bxb5 31. axb5 Raa2 32. Rf1 Rb4 33. Ne2 Rc2 34.
Ra1 Nd7 35. Ra8 Rbb2 36. Kf1 d4 37. Nxd4 Rxf2+ 38. Kg1 Rg2+ 39. Kh1 Rxh2+ 40.
Kg1 Rbg2+ 41. Kf1 Rd2 42. Kg1 Rhg2+ 43. Kf1 Rdf2+ 44. Ke1 Rb2 45. Kf1 Rgd2 46.
Ne2 Rxb5 47. Rg8 Kf7 48. Rd8 Rbb2 49. Kf2 Nc5 50. Rc8 b6 51. Rc7+ Rd7 52. Rf3+
Ke7 53. Rc8 Nd3+ 54. Ke3 Nxe5 55. Rff8 Rd3+ 0-1

[Event "Campeonato de España Universitario 2008"]
[Site "Madrid ESP"]
[Date "2008.05.08"]
[Round "2.19"]
[White "Cruz Alvarez De Ron, Dan"]
[Black "Valles Mata, David"]
[Result "1-0"]
[WhiteElo "2269"]
[BlackElo "2113"]
[PlyCount "97"]
[EventDate "2008.05.08"]
[EventType "swiss"]
[EventRounds "9"]
[EventCountry "ESP"]
[Source "lmi"]
[SourceDate "2008.05.08"]

1. Nf3 d5 2. c4 e6 3. b3 Nf6 4. g3 b6 5. Bg2 Bb7 6. O-O Be7 7. Bb2 O-O 8. d3
Nbd7 9. Nbd2 c5 10. Qc2 d4 11. e3 e5 12. exd4 exd4 13. b4 Qc7 14. Rfe1 Rfe8 15.
bxc5 bxc5 16. Ba3 Bd6 17. Rab1 Bc6 18. Nb3 Rxe1+ 19. Rxe1 Re8 20. Rxe8+ Nxe8
21. Qd2 a6 22. Qa5 Qxa5 23. Nxa5 Ba8 24. Kf1 Kf8 25. Ke2 Ke7 26. Bh3 Nc7 27.
Ng5 Nb6 28. Ne4 Na4 29. Nxd6 Kxd6 30. Nb3 Ne6 31. Bxe6 fxe6 32. Nxd4 Nc3+ 33.
Ke1 Nxa2 34. Nb3 Nb4 35. Kd2 e5 36. f4 e4 37. d4 Nd3 38. Bxc5+ Ke6 39. d5+ Kf5
40. Ke3 Nb2 41. Na5 Nd3 42. Bd4 g5 43. fxg5 Nb4 44. Bf6 Nxd5+ 45. cxd5 Bxd5 46.
Kd4 Ba2 47. h3 h6 48. h4 h5 49. Nc4 1-0

[Event "Campeonato de España Universitario 2008"]
[Site "Madrid ESP"]
[Date "2008.05.08"]
[Round "2.20"]
[White "Camacho Collados, Jose"]
[Black "Ruiz Garcia, Mario"]
[Result "1-0"]
[WhiteElo "2258"]
[BlackElo "2107"]
[PlyCount "67"]
[EventDate "2008.05.08"]
[EventType "swiss"]
[EventRounds "9"]
[EventCountry "ESP"]
[Source "lmi"]
[SourceDate "2008.05.08"]

1. Nf3 Nf6 2. g3 d6 3. d4 Nbd7 4. Bg2 e5 5. c4 Be7 6. Nc3 O-O 7. O-O c6 8. h3
a5 9. Qc2 Qc7 10. Rd1 exd4 11. Nxd4 Ne5 12. b3 Re8 13. e4 Bf8 14. Be3 Ned7 15.
Rd2 Nc5 16. Rad1 Be6 17. a3 Rad8 18. b4 axb4 19. axb4 Na6 20. Nxe6 Rxe6 21. b5
Nb4 22. Qb3 c5 23. b6 Qxb6 24. Na4 Qc7 25. Nxc5 dxc5 26. Rxd8 Nc6 27. Ra8 Re8
28. Rxe8 Nxe8 29. Rb1 Nb4 30. Qa4 Nf6 31. Qa8 b6 32. Rd1 Nd7 33. Bf4 Ne5 34.
Rd8 1-0

[Event "Campeonato de España Universitario 2008"]
[Site "Madrid ESP"]
[Date "2008.05.08"]
[Round "2.21"]
[White "Tierraseca Montero, Pablo"]
[Black "Serna Lara, Sergio"]
[Result "0-1"]
[WhiteElo "2111"]
[BlackElo "2248"]
[PlyCount "92"]
[EventDate "2008.05.08"]
[EventType "swiss"]
[EventRounds "9"]
[EventCountry "ESP"]
[Source "lmi"]
[SourceDate "2008.05.08"]

1. e4 e6 2. d3 d5 3. Nd2 Nf6 4. g3 dxe4 5. dxe4 e5 6. Bg2 Bc5 7. Ngf3 Nc6 8.
O-O O-O 9. h3 a5 10. Qe2 b6 11. Rd1 Ba6 12. c4 Qe7 13. Nb3 Bd6 14. a4 Qe6 15.
Nbd2 Rad8 16. b3 Nd7 17. Bb2 Nc5 18. Rac1 Be7 19. Rc3 Bf6 20. g4 h6 21. Qe3 Nd4
22. Rdc1 Bb7 23. Ba3 Be7 24. Ra1 Nxf3+ 25. Nxf3 Nxe4 26. Bxe7 Qxe7 27. Rc2 Rfe8
28. Re1 Nc5 29. Rc3 Qd6 30. Nh4 Bxg2 31. Kxg2 Qd4 32. Nf5 Qxe3 33. Nxe3 c6 34.
Re2 Nd3 35. Kg3 f6 36. h4 Kf7 37. Nf1 Nc5 38. f3 Rd1 39. Ne3 Rd7 40. h5 Red8
41. Ng2 Rd3 42. Re3 Rxc3 43. Rxc3 Rd1 44. Ne3 Rg1+ 45. Kf2 Rb1 46. Rc2 Rxb3 0-1

[Event "Campeonato de España Universitario 2008"]
[Site "Madrid ESP"]
[Date "2008.05.08"]
[Round "2.22"]
[White "Medina Menendez, Eduardo Matias"]
[Black "Rivas Vila, David"]
[Result "1-0"]
[WhiteElo "2105"]
[BlackElo "2242"]
[PlyCount "97"]
[EventDate "2008.05.08"]
[EventType "swiss"]
[EventRounds "9"]
[EventCountry "ESP"]
[Source "lmi"]
[SourceDate "2008.05.08"]

1. Nf3 g6 2. e4 c5 3. d4 cxd4 4. Nxd4 Nc6 5. Be3 Nf6 6. Nc3 Bg7 7. Bc4 Qa5 8.
Nxc6 bxc6 9. O-O Qb4 10. Qd4 Qxb2 11. Rab1 Qa3 12. e5 d5 13. Rb3 Qa5 14. Be2
Nd7 15. f4 O-O 16. Bf3 Ba6 17. Be2 Bc8 18. Kh1 e6 19. Qa4 Qc7 20. Qa3 f6 21.
exf6 Bxf6 22. Na4 d4 23. Bd2 Re8 24. Bc4 Kh8 25. Bb4 Bg7 26. Re1 Nf6 27. Bd6
Qa5 28. Bb4 Qf5 29. Bd6 Ne4 30. Bd3 Nf2+ 31. Kg1 Nxd3 32. cxd3 Ba6 33. Nc5 Bb5
34. Qa5 Qd5 35. Ne4 h6 36. Bc7 a6 37. Qb6 Re7 38. Bd6 Rd7 39. Ba3 a5 40. Nc5
Re7 41. Ne4 Rf7 42. Nd6 Rxf4 43. Qb7 Rd8 44. Nf7+ Rxf7 45. Qxf7 a4 46. Rxb5
cxb5 47. Be7 e5 48. Qxg6 Rd7 49. Bf6 1-0

[Event "Campeonato de España Universitario 2008"]
[Site "Madrid ESP"]
[Date "2008.05.08"]
[Round "2.23"]
[White "Claros Egea, Christian"]
[Black "Deruelle Sala, Albert"]
[Result "1/2-1/2"]
[WhiteElo "2240"]
[BlackElo "2103"]
[PlyCount "109"]
[EventDate "2008.05.08"]
[EventType "swiss"]
[EventRounds "9"]
[EventCountry "ESP"]
[Source "lmi"]
[SourceDate "2008.05.08"]

1. Nf3 Nf6 2. b3 g6 3. Bb2 Bg7 4. e3 d6 5. Be2 e5 6. d4 e4 7. Nfd2 O-O 8. c4 c5
9. d5 b5 10. cxb5 a6 11. Qc2 Re8 12. Nc3 Qe7 13. Nc4 Nbd7 14. a4 Bb7 15. Rd1 h6
16. Na5 Bc8 17. Nc6 Qf8 18. O-O Ne5 19. Nxe5 Rxe5 20. Bc4 Bg4 21. Be2 Qc8 22.
bxa6 Rg5 23. Kh1 Bf3 24. gxf3 Qh3 25. Rg1 Rh5 26. Rg2 exf3 27. Bxf3 Qxf3 28.
Qe2 Qxe2 29. Nxe2 Rxd5 30. Rgg1 Rxd1 31. Rxd1 Ne4 32. Rb1 Nxf2+ 33. Kg1 Ng4 34.
Bxg7 Kxg7 35. b4 cxb4 36. Rxb4 Nxe3 37. Rb6 Nd5 38. Rxd6 Nb4 39. Nc3 Nxa6 40.
Rc6 Nb4 41. Rc5 Nd3 42. Rb5 Rc8 43. Nd5 Rc1+ 44. Kg2 Ra1 45. a5 Ra2+ 46. Kg3
Ra3 47. Nc7 Nc5+ 48. Kg2 Nb3 49. a6 Nd4 50. Rb7 Nc6 51. Rb6 Ne5 52. Rb7 Nc6 53.
Rb6 Ne5 54. Rb7 Nc6 55. Rb6 1/2-1/2